000
00269nam a22001217a 4500
008
181207b xxu||||| |||| 00| 0 eng d
041
_a
eng
080
_2
13 TH
_a
330.722
100
_a
61
101
_a
KON
245
_a
Accouting Principles
_c
Fess.N
942
_2
udc
_c
BK
999
_c
52980
_d
52980